| 000 | 00812nam a22001577a 4500 | ||
|---|---|---|---|
| 003 | OSt | ||
| 005 | 20151202160914.0 | ||
| 008 | 151202b xxu||||| |||| 00| 0 eng d | ||
| 040 | _cRUA | ||
| 082 | _aFIS SEA 2003 B175 Or.1 | ||
| 100 |
_94168 _aSEAN CHHENGLONG; ស៊ាង ឆេងឡុង. |
||
| 245 | _aEffective management and use of community-based fishery resource in kang meas district, kampong cham province, ប្រសិទ្ធិភាពនៃការចូលរួមគ្រប់គ្រង និងប្រើប្រាស់ធនធានជលសាលតាមបែបសហគមន៍នេសាទ នៅស្រុកកងមាស ខេត្តកំពង់ចាម. | ||
| 260 |
_aPhnom Penh _bRUA _c2003 |
||
| 300 |
_axi; 42p. _bill. _c29cm. |
||
| 942 |
_2ddc _cFIS |
||
| 999 |
_c3882 _d3882 |
||